[Event "Madrid-chT 1011"]
[Site "Madrid"]
[Date "2011.02.20"]
[Round "11.45"]
[White "Fernandez Garcia, Miguel Angel"]
[Black "Gemy Vargas, Jose Daniel"]
[Result "0-1"]
[WhiteElo "2304"]
[BlackElo "2316"]
[PlyCount "158"]
[EventDate "2010.11.21"]
[EventType "team-tourn"]
[EventRounds "14"]
[EventCountry "ESP"]
[SourceTitle "EXT 2012"]
[Source "ChessBase"]
[SourceDate "2011.11.24"]
[SourceVersion "1"]
[SourceVersionDate "2011.11.24"]
[SourceQuality "1"]
[WhiteTeam "La Casa del Ajedrez"]
[BlackTeam "Amigos del Retiro"]
[WhiteTeamCountry "ESP"]
[BlackTeamCountry "ESP"]

1. d4 Nf6 2. c4 e6 3. Nf3 d5 4. Nc3 c6 5. Bf4 dxc4 6. a4 Bb4 7. Ne5 b5 8. g3 Qb6 9. Bg2 Bb7 10. 0-0 0-0 11. e4 Rd8 12. Be3 Nbd7 13. Qe2 a6 14. d5 Bc5 15. Nxc6 Bxc6 16. dxc6 Ne5 17. Bg5 Qxc6 18. Kh1 b4 19. Nd1 Rd7 20. Bxf6 gxf6 21. f4 Nd3 22. e5 Qc8 23. exf6 Kh8 24. Be4 Bd4 25. Qh5 Qg8 26. Qh6 Nc5 27. Qg7+ Qxg7 28. fxg7+ Kxg7 29. Bxa8 Nb3 30. Rb1 Nd2 31. Ne3 Bxe3 32. Rbd1 c3 33. bxc3 bxc3 34. Rfe1 Rd3 35. Bg2 c2 36. Rc1 Rc3 37. Re2 e5 38. fxe5 Rb3 39. Be4 Nxe4 40. Rcxc2 Ng5 41. Kg2 a5 42. Rb2 Rxb2 43. Rxb2 Bd4 44. Rb5 Bc3 45. g4 Ne6 46. h4 Kg6 47. Kf1 Bb4 48. Rb8 Kg7 49. Kf2 Nc5 50. Kf3 Nxa4 51. g5 Nc5 52. h5 h6 53. gxh6+ Kxh6 54. Kg4 Ne6 55. Ra8 Bc3 56. Ra6 Kg7 57. Kf5 Nd4+ 58. Ke4 Ne6 59. Kf5 Kh6 60. Ra7 Ng7+ 61. Ke4 Ne6 62. Kd5 Ng5 63. Ra6+ Kxh5 64. Rf6 Kg4 65. Rc6 Bb4 66. Rc4+ Kf5 67. Rc1 Ne6 68. Rf1+ Nf4+ 69. Kd4 Bd2 70. Rf2 Be1 71. Rf1 Bb4 72. Rf2 a4 73. Rb2 Bf8 74. Rb7 Kg6 75. Ra7 a3 76. Ra8 Ne6+ 77. Kc4 Bc5 78. Rg8+ Kf5 79. Kd5 a2 0-1